Norton critical edition: Geoffrey Chaucer; the canterbury tales fifteen tales and the general prologue Ed 2 (Record no. 168800)
[ view plain ]
| 000 -LEADER | |
|---|---|
| fixed length control field | 00940nam a2200253Ia 4500 |
| 003 - CONTROL NUMBER IDENTIFIER | |
| control field | OSt |
| 005 - DATE AND TIME OF LATEST TRANSACTION | |
| control field | 20230324132336.0 |
| 008 - FIXED-LENGTH DATA ELEMENTS--GENERAL INFORMATION | |
| fixed length control field | 210423s2005 xx 000 0 und d |
| 020 ## - INTERNATIONAL STANDARD BOOK NUMBER | |
| International Standard Book Number | 978-0-393-92587-6 |
| 040 ## - CATALOGING SOURCE | |
| Transcribing agency | AL |
| 041 ## - LANGUAGE CODE | |
| Language code of text/sound track or separate title | eng |
| 082 ## - DEWEY DECIMAL CLASSIFICATION NUMBER | |
| Classification number | 821.1 |
| Edition number | 23 |
| Item number | KOLN |
| 100 ## - MAIN ENTRY--PERSONAL NAME | |
| Personal name | KOLVE (V A);OLSON (Glending) Eds |
| 9 (RLIN) | 77444 |
| 245 ## - TITLE STATEMENT | |
| Title | Norton critical edition: Geoffrey Chaucer; the canterbury tales fifteen tales and the general prologue Ed 2 |
| Remainder of title | Authoritative text sources and backgrounds criticism |
| 250 ## - EDITION STATEMENT | |
| Edition statement | 2 |
| 260 ## - PUBLICATION, DISTRIBUTION, ETC. | |
| Place of publication, distribution, etc. | New York |
| Name of publisher, distributor, etc. | W W Norton & Co. |
| Date of publication, distribution, etc. | 2005 |
| 300 ## - PHYSICAL DESCRIPTION | |
| Extent | xix,600 |
| Other physical details | PB |
| 365 ## - TRADE PRICE | |
| Price amount | 1572.25 |
| Currency code | USD |
| 440 ## - SERIES STATEMENT/ADDED ENTRY--TITLE | |
| Title | Norton critical edition |
| 9 (RLIN) | 77445 |
| 650 ## - SUBJECT ADDED ENTRY--TOPICAL TERM | |
| Topical term or geographic name entry element | English Literature |
| 9 (RLIN) | 77446 |
| 650 ## - SUBJECT ADDED ENTRY--TOPICAL TERM | |
| Topical term or geographic name entry element | English Poetry |
| 9 (RLIN) | 77447 |
| 906 ## - LOCAL DATA ELEMENT F, LDF (RLIN) | |
| a | authoritative ; backgrounds ; canterbury ; chaucer ; critical ; criticism ; edition: ; fifteen ; general ; geoffrey ; Norton ; prologue ; sources ; tales |
| 942 ## - ADDED ENTRY ELEMENTS (KOHA) | |
| Source of classification or shelving scheme | Dewey Decimal Classification |
| Koha item type | Book |
| Withdrawn status | Lost status | Damaged status | Not for loan | Collection code | Home library | Current library | Date acquired | Source of acquisition | Cost, normal purchase price | Total Checkouts | Full call number | Barcode | Date last seen | Price effective from | Koha item type |
|---|---|---|---|---|---|---|---|---|---|---|---|---|---|---|---|
| MA English | St Aloysius PG Library | St Aloysius PG Library | 10/11/2017 | Intact Bookhouse | 1572.25 | 821.1 KOLN | PG015302 | 08/24/2022 | 04/26/2021 | Book |